[Event "IECG CP.2002.Q.00013 email"]
[Site "IECG email"]
[Date "2003.10.01"]
[Round "?"]
[White "Dyakov, Alexander V"]
[Black "MacDonald, David G"]
[Result "1/2-1/2"]
[WhiteElo "2262"]
[BlackElo "2121"]
[PlyCount "58"]
[EventDate "2003.10.01"]
[EventType "tourn (corr)"]
[EventRounds "10"]
[SourceTitle "Corr 2008"]
[Source "ChessBase"]
[SourceDate "2008.06.24"]
[SourceVersion "1"]
[SourceVersionDate "2008.06.24"]
[SourceQuality "1"]

1. e4 e6 2. d4 d5 3. Nd2 Nf6 4. e5 Nfd7 5. Bd3 c5 6. c3 Nc6 7. Ne2 cxd4 8. cxd4 f6 9. exf6 Nxf6 10. 0-0 Bd6 11. Nf3 Qc7 12. Bg5 0-0 13. Bh4 Nh5 14. Qc2 h6 15. Bg6 Rxf3 16. Bxh5 Bxh2+ 17. Kh1 Rf8 18. g3 g5 19. Qg6+ Qg7 20. Qxg7+ Kxg7 21. Kxh2 gxh4 22. gxh4 Kf6 23. Rg1 Ke7 24. Rg6 Rf6 25. Rxf6 Kxf6 26. Rg1 Ne7 27. Nf4 Bd7 28. Bg4 Nc6 29. Rd1 Ke7 1/2-1/2

[Event "IECG CP.2002.Q.00013 email"]
[Site "IECG email"]
[Date "2003.10.01"]
[Round "?"]
[White "Farnik, Kym"]
[Black "MacDonald, David G"]
[Result "0-1"]
[WhiteElo "1844"]
[BlackElo "2121"]
[PlyCount "80"]
[EventDate "2003.10.01"]
[EventType "tourn (corr)"]
[EventRounds "10"]
[SourceTitle "Corr 2008"]
[Source "ChessBase"]
[SourceDate "2008.06.24"]
[SourceVersion "1"]
[SourceVersionDate "2008.06.24"]
[SourceQuality "1"]

1. d4 d5 2. c4 Nc6 3. Nc3 dxc4 4. Nf3 Nf6 5. e4 Bg4 6. Be3 e6 7. Bxc4 Bb4 8. Qc2 0-0 9. Rd1 Qe7 10. Be2 Rfe8 11. 0-0 e5 12. Nxe5 Nxe5 13. dxe5 Bxe2 14. Nxe2 Qxe5 15. f3 Rad8 16. Ng3 g6 17. a3 Be7 18. b4 a5 19. f4 Qe6 20. bxa5 Ng4 21. Bd4 c5 22. Ba1 c4 23. Kh1 Rxd1 24. Rxd1 Bc5 25. Bd4 Ne3 26. Bxe3 Bxe3 27. Rf1 Qc6 28. Qe2 Bd4 29. Rd1 c3 30. Qc2 Be3 31. Ne2 Bd2 32. e5 g5 33. Nd4 Qc4 34. Nf3 Bxf4 35. h3 h5 36. Rd3 Rc8 37. Rd1 g4 38. Nh4 Bxe5 39. Nf5 Qf4 40. g3 Qf3+ 0-1

[Event "IECG CP.2002.Q.00013 email"]
[Site "IECG email"]
[Date "2003.10.01"]
[Round "?"]
[White "Hnatovsky, Nicholas"]
[Black "MacDonald, David G"]
[Result "1/2-1/2"]
[WhiteElo "2288"]
[BlackElo "2121"]
[PlyCount "60"]
[EventDate "2003.10.01"]
[EventType "tourn (corr)"]
[EventRounds "10"]
[SourceTitle "Corr 2008"]
[Source "ChessBase"]
[SourceDate "2008.06.24"]
[SourceVersion "1"]
[SourceVersionDate "2008.06.24"]
[SourceQuality "1"]

1. d4 d5 2. c4 Nc6 3. Nc3 dxc4 4. Nf3 Nf6 5. e4 Bg4 6. Be3 e6 7. Bxc4 Bb4 8. Qc2 0-0 9. Rd1 Bxf3 10. gxf3 Nh5 11. e5 Ne7 12. 0-0 c6 13. Qe4 Nd5 14. Qg4 g6 15. Ne4 Be7 16. Rfe1 Ng7 17. a3 a5 18. Kh1 Nf5 19. Ng3 Ng7 20. Bh6 Qb6 21. Re2 Rad8 22. Ne4 Rfe8 23. Bg5 Nf5 24. Bxe7 Rxe7 25. Red2 a4 26. Nc5 Qa7 27. Qg5 h6 28. Qg4 Kg7 29. Ba2 Qa5 30. Ne4 Red7 1/2-1/2

[Event "IECG WC.2002.F.00005 email"]
[Site "IECG email"]
[Date "2002.12.15"]
[Round "?"]
[White "MacDonald, David G"]
[Black "Scacco, Mauro"]
[Result "0-1"]
[WhiteElo "2110"]
[BlackElo "2166"]
[PlyCount "50"]
[EventDate "2002.12.15"]
[EventType "tourn (corr)"]
[EventRounds "10"]
[SourceTitle "Corr 2008"]
[Source "ChessBase"]
[SourceDate "2008.06.24"]
[SourceVersion "1"]
[SourceVersionDate "2008.06.24"]
[SourceQuality "1"]

1. e4 e5 2. f4 exf4 3. Nf3 d6 4. Bc4 h6 5. b3 Nf6 6. Nc3 c6 7. a4 d5 8. exd5 cxd5 9. Bb5+ Nc6 10. Ne5 Qc7 11. d4 Bb4 12. Bd2 0-0 13. Bxc6 bxc6 14. 0-0 Bd6 15. Bxf4 Ng4 16. Nd3 g5 17. Ne5 f5 18. Nxg4 Bxf4 19. Ne5 Bxe5 20. dxe5 Qxe5 21. Ne2 Ba6 22. Re1 Rae8 23. Nd4 Qf6 24. b4 Rxe1+ 25. Qxe1 Qxd4+ 0-1

[Event "IECG CP.2000.S.00005 email"]
[Site "IECG email"]
[Date "2002.10.01"]
[Round "?"]
[White "Krzyzanowski, Patryk"]
[Black "MacDonald, David G"]
[Result "0-1"]
[WhiteElo "2190"]
[BlackElo "2110"]
[PlyCount "46"]
[EventDate "2002.10.01"]
[EventType "tourn (corr)"]
[EventRounds "6"]
[SourceTitle "Corr 2008"]
[Source "ChessBase"]
[SourceDate "2008.06.24"]
[SourceVersion "1"]
[SourceVersionDate "2008.06.24"]
[SourceQuality "1"]

1. d4 d5 2. c4 Nc6 3. cxd5 Qxd5 4. e3 e5 5. Nc3 Bb4 6. Bd2 Bxc3 7. bxc3 exd4 8. cxd4 Nf6 9. Ne2 Bf5 10. Nc3 Qe6 11. Be2 0-0 12. 0-0 Rfe8 13. Qb3 Qxb3 14. axb3 a6 15. Bf3 Rab8 16. Bxc6 bxc6 17. Rfc1 c5 18. dxc5 Bd3 19. Ra3 Ne4 20. Nxe4 Rxe4 21. Ba5 Re7 22. Rd1 Bb5 23. Ra2 f6 0-1

[Event "IECG CP.2002.P.00097 email"]
[Site "IECG email"]
[Date "2002.10.01"]
[Round "?"]
[White "MacDonald, David G"]
[Black "Milde, Lars"]
[Result "1-0"]
[WhiteElo "2110"]
[BlackElo "1878"]
[PlyCount "78"]
[EventDate "2002.10.01"]
[EventType "tourn (corr)"]
[EventRounds "6"]
[EventCountry "ENG"]
[SourceTitle "Corr 2011"]
[Source "ChessBase"]
[SourceDate "2010.08.31"]
[SourceVersion "1"]
[SourceVersionDate "2010.08.31"]
[SourceQuality "1"]

1. e4 e5 2. f4 exf4 3. Nf3 d6 4. d4 g5 5. h4 g4 6. Ng1 f5 7. Bxf4 fxe4 8. Nc3 Nf6 9. d5 Bg7 10. h5 h6 11. Qd2 Nbd7 12. Nge2 Nb6 13. a4 Qe7 14. a5 Nc4 15. Qd4 Ne5 16. 0-0-0 0-0 17. Kb1 Nf7 18. Qd2 Re8 19. Ng3 e3 20. Qd3 c6 21. Be2 Nxd5 22. Nxd5 cxd5 23. Rhf1 d4 24. Qg6 Nh8 25. Qxd6 Qxd6 26. Bxd6 b6 27. Nf5 Bxf5 28. Rxf5 Rac8 29. Bb5 Nf7 30. Bxe8 Rxe8 31. Bg3 Ng5 32. Rf4 bxa5 33. Rxg4 a4 34. Kc1 Ne4 35. Be1 Kh7 36. Rd3 Nc5 37. Rdxd4 Bxd4 38. Rxd4 Re5 39. g4 Kg7 1-0

[Event "IECG CP.2000.S.00005 email"]
[Site "IECG email"]
[Date "2002.10.01"]
[Round "?"]
[White "MacDonald, David G"]
[Black "Sabean, Steven"]
[Result "1-0"]
[WhiteElo "2110"]
[BlackElo "1683"]
[PlyCount "33"]
[EventDate "2002.10.01"]
[EventType "tourn (corr)"]
[EventRounds "6"]
[SourceTitle "Corr 2008"]
[Source "ChessBase"]
[SourceDate "2008.06.24"]
[SourceVersion "1"]
[SourceVersionDate "2008.06.24"]
[SourceQuality "1"]

1. e4 e5 2. f4 exf4 3. Nf3 g5 4. h4 g4 5. Ne5 Nf6 6. Bc4 d5 7. exd5 Bd6 8. d4 Nh5 9. Nc3 Qe7 10. Bb5+ c6 11. dxc6 bxc6 12. Nd5 Qe6 13. 0-0 cxb5 14. Nxf4 Nxf4 15. Bxf4 0-0 16. Qd2 Nc6 17. d5 1-0

[Event "IECG CP.2002.P.00097 email"]
[Site "IECG email"]
[Date "2002.10.01"]
[Round "1"]
[White "Scammon, Craig"]
[Black "MacDonald, David G"]
[Result "0-1"]
[WhiteElo "1315"]
[BlackElo "2110"]
[PlyCount "54"]
[EventDate "2002.10.01"]
[EventType "tourn (corr)"]
[EventRounds "6"]
[EventCountry "ENG"]
[SourceTitle "Corr 2011"]
[Source "ChessBase"]
[SourceDate "2010.08.31"]
[SourceVersion "1"]
[SourceVersionDate "2010.08.31"]
[SourceQuality "1"]

1. e4 e6 2. d3 d5 3. Nd2 c5 4. Ngf3 Nc6 5. g3 Bd6 6. Bg2 Nge7 7. 0-0 0-0 8. Nh4 Qc7 9. f4 f6 10. c3 Bd7 11. Re1 Kh8 12. Nf1 d4 13. Bd2 Qb6 14. cxd4 cxd4 15. Qe2 Rac8 16. Nf3 e5 17. a3 exf4 18. gxf4 Ng6 19. f5 Nf4 20. Bxf4 Bxf4 21. N1d2 Ne5 22. Nxe5 fxe5 23. Nc4 Qh6 24. Bf3 b5 25. Na5 Bd2 26. Nb3 Rc2 27. Kf1 Rfc8 0-1

[Event "IECG CP.2000.Q.00002"]
[Site "IECG email"]
[Date "2001.10.01"]
[Round "?"]
[White "Dumouchel, Alain"]
[Black "MacDonald, David G"]
[Result "1/2-1/2"]
[WhiteElo "2114"]
[BlackElo "2094"]
[PlyCount "55"]
[EventDate "2001.10.01"]
[EventType "tourn (corr)"]
[EventRounds "6"]
[SourceTitle "Corr 2008"]
[Source "ChessBase"]
[SourceDate "2008.06.24"]
[SourceVersion "1"]
[SourceVersionDate "2008.06.24"]
[SourceQuality "1"]

1. e4 e6 2. d4 d5 3. Nc3 Nf6 4. Bg5 Bb4 5. e5 h6 6. Bd2 Bxc3 7. bxc3 Ne4 8. Qg4 g6 9. Bd3 Nxd2 10. Kxd2 c5 11. h4 Nc6 12. Qf4 cxd4 13. cxd4 Qa5+ 14. c3 b5 15. Qf6 Rf8 16. Ne2 b4 17. Rhc1 Ba6 18. cxb4 Qxb4+ 19. Ke3 Bxd3 20. Rxc6 Bxe2 21. Rc7 Bc4 22. Kf4 Bb5 23. Rb1 Qxd4+ 24. Kg3 Bd7 25. Rbb7 g5 26. hxg5 Rg8 27. Qe7+ Kxe7 28. Rxd7+ 1/2-1/2

[Event "IECG CP.2000.Q.00002"]
[Site "IECG email"]
[Date "2001.10.01"]
[Round "?"]
[White "MacDonald, David G"]
[Black "Krebs, Hans Joachim"]
[Result "1/2-1/2"]
[WhiteElo "2094"]
[BlackElo "1856"]
[PlyCount "120"]
[EventDate "2001.10.01"]
[EventType "tourn (corr)"]
[EventRounds "6"]
[SourceTitle "Corr 2008"]
[Source "ChessBase"]
[SourceDate "2008.06.24"]
[SourceVersion "1"]
[SourceVersionDate "2008.06.24"]
[SourceQuality "1"]

1. e4 e5 2. f4 d5 3. exd5 exf4 4. Nf3 Nf6 5. Bb5+ c6 6. dxc6 bxc6 7. Bc4 Nd5 8. 0-0 Be7 9. Bb3 0-0 10. Nc3 Nxc3 11. dxc3 Ba6 12. Re1 Qxd1 13. Rxd1 g5 14. Re1 Bc5+ 15. Kh1 h6 16. h4 Kg7 17. hxg5 hxg5 18. Nxg5 Rh8+ 19. Nh3 f3 20. Be3 Nd7 21. Rad1 f2 22. Bxf2 Bxf2 23. Re7 Nf6 24. Rxf7+ Kg6 25. Rd6 Bh4 26. Rxc6 Bb5 27. Rcc7 Rad8 28. Be6 a6 29. c4 Be8 30. Rg7+ Kh6 31. Bf5 Rd1+ 32. Kh2 Bh5 33. a3 Rf1 34. Bd3 Rd1 35. g3 Ng4+ 36. Rxg4 Rd2+ 37. Kg1 Bxg4 38. Rc6+ Kg7 39. Nf2 Bxg3 40. Nxg4 Re8 41. Rg6+ Kf8 42. Rf6+ Kg7 43. Rf3 Re1+ 44. Rf1 a5 45. Rxe1 Bxe1 46. Kf1 Bh4 47. b4 axb4 48. axb4 Kf7 49. c5 Ke6 50. b5 Kd5 51. c6 Bd8 52. Nf6+ Ke6 53. Ne4 Rd1+ 54. Ke2 Ra1 55. c4 Ke5 56. Nc5 Rh1 57. Na6 Rh2+ 58. Kd1 Kd4 59. Bf1 Rh1 60. Ke1 Rxf1+ 1/2-1/2

[Event "IECG CP.2000.Q.00002"]
[Site "IECG email"]
[Date "2001.10.01"]
[Round "?"]
[White "Merrifield, David"]
[Black "MacDonald, David G"]
[Result "1/2-1/2"]
[WhiteElo "1550"]
[BlackElo "2094"]
[PlyCount "49"]
[EventDate "2001.10.01"]
[EventType "tourn (corr)"]
[EventRounds "6"]
[SourceTitle "Corr 2008"]
[Source "ChessBase"]
[SourceDate "2008.06.24"]
[SourceVersion "1"]
[SourceVersionDate "2008.06.24"]
[SourceQuality "1"]

1. d4 d5 2. c4 Nc6 3. Nf3 Bg4 4. cxd5 Bxf3 5. gxf3 Qxd5 6. e3 e6 7. Nc3 Qh5 8. f4 Qxd1+ 9. Kxd1 0-0-0 10. Rg1 Nf6 11. Bd2 Ne7 12. Bg2 Nf5 13. Ke2 h6 14. Rac1 Kb8 15. Ne4 Nxe4 16. Bxe4 Nd6 17. Bf3 c6 18. Ba5 Rd7 19. Rc3 g6 20. Rb3 Ka8 21. Rc1 Bg7 22. Bb4 Rhd8 23. a4 g5 24. fxg5 hxg5 25. a5 1/2-1/2

[Event "IECG WC.2003.S.00012 email"]
[Site "IECG email"]
[Date "2001.04.01"]
[Round "?"]
[White "Koch, Christian"]
[Black "MacDonald, David G"]
[Result "0-1"]
[WhiteElo "2209"]
[BlackElo "2112"]
[PlyCount "88"]
[EventDate "2001.04.01"]
[EventType "tourn (corr)"]
[EventRounds "8"]
[SourceTitle "Corr 2008"]
[Source "ChessBase"]
[SourceDate "2008.06.24"]
[SourceVersion "1"]
[SourceVersionDate "2008.06.24"]
[SourceQuality "1"]

1. e4 e6 2. d4 d5 3. Nd2 Be7 4. Ngf3 Nf6 5. e5 Nfd7 6. Bd3 c5 7. c3 Nc6 8. 0-0 g5 9. dxc5 g4 10. Nd4 Ndxe5 11. Bb5 Bd7 12. N2b3 h5 13. Qe2 Rg8 14. Bf4 Ng6 15. Bd6 Bxd6 16. cxd6 Qb6 17. f4 gxf3 18. Qxf3 0-0-0 19. Bxc6 bxc6 20. Kh1 c5 21. Ne2 Nh4 22. Qxf7 Nxg2 23. Qf2 d4 24. cxd4 Bc6 25. d5 Bxd5 26. Nc3 Bc6 27. Nxc5 Ne3+ 28. N5e4 Rg4 29. Rfc1 Kb7 30. Qf7+ Rd7 31. Qf3 Qd4 32. Na4 Qxe4 33. Nc5+ Kb6 34. Nxe4 Bxe4 35. Qxe4 Rxe4 36. Rg1 Rxd6 37. Rae1 Kc5 38. Rg5+ Rd5 39. Rg7 a5 40. b3 e5 41. a3 Rd2 42. Ra7 Rxh2+ 43. Kxh2 Ng4+ 44. Kg3 Rxe1 0-1

[Event "IECG WC.2003.S.00012 email"]
[Site "IECG email"]
[Date "2001.04.01"]
[Round "?"]
[White "MacDonald, David G"]
[Black "Frank, Mario Alberto"]
[Result "0-1"]
[WhiteElo "2112"]
[BlackElo "2354"]
[PlyCount "54"]
[EventDate "2001.04.01"]
[EventType "tourn (corr)"]
[EventRounds "8"]
[SourceTitle "Corr 2008"]
[Source "ChessBase"]
[SourceDate "2008.06.24"]
[SourceVersion "1"]
[SourceVersionDate "2008.06.24"]
[SourceQuality "1"]

1. d4 d5 2. c4 c6 3. Nc3 e5 4. e3 e4 5. Qb3 Nf6 6. Bd2 Be7 7. Nh3 Na6 8. cxd5 cxd5 9. Bb5+ Kf8 10. Nf4 Nc7 11. Be2 h5 12. h4 Bd6 13. 0-0 Ng4 14. g3 g5 15. hxg5 Qxg5 16. Nfxd5 h4 17. Nxe4 Qh6 18. Kg2 hxg3 19. Rh1 Nh2 20. Nxg3 Qh3+ 21. Kg1 Bxg3 22. Qa3+ Kg7 23. e4 Nf3+ 24. Bxf3 Bh2+ 25. Rxh2 Qxh2+ 26. Kf1 Nxd5 27. exd5 Bd7 0-1

[Event "IECG WC.2003.S.00012 email"]
[Site "IECG email"]
[Date "2001.04.01"]
[Round "?"]
[White "MacDonald, David G"]
[Black "Lynn, Liam"]
[Result "1/2-1/2"]
[WhiteElo "2112"]
[BlackElo "2404"]
[PlyCount "48"]
[EventDate "2001.04.01"]
[EventType "tourn (corr)"]
[EventRounds "8"]
[SourceTitle "Corr 2008"]
[Source "ChessBase"]
[SourceDate "2008.06.24"]
[SourceVersion "1"]
[SourceVersionDate "2008.06.24"]
[SourceQuality "1"]

1. d4 Nf6 2. c4 g6 3. Nc3 d5 4. cxd5 Nxd5 5. e4 Nxc3 6. bxc3 Bg7 7. Bb5+ c6 8. Ba4 e5 9. Ne2 exd4 10. cxd4 0-0 11. 0-0 Re8 12. Qc2 a5 13. Bb3 a4 14. Bxa4 Bg4 15. Bb3 Bxe2 16. Qxe2 Qxd4 17. Qf3 Qf6 18. Rb1 Qxf3 19. gxf3 Nd7 20. Be3 Ne5 21. Kg2 b5 22. Rbc1 Rad8 23. Rfd1 Rxd1 24. Rxd1 Bf8 1/2-1/2

[Event "IECG WC.2003.S.00012 email"]
[Site "IECG email"]
[Date "2001.04.01"]
[Round "?"]
[White "MacDonald, David G"]
[Black "Schilly, Hans Joachim"]
[Result "1/2-1/2"]
[WhiteElo "2112"]
[BlackElo "1936"]
[PlyCount "116"]
[EventDate "2001.04.01"]
[EventType "tourn (corr)"]
[EventRounds "8"]
[SourceTitle "Corr 2008"]
[Source "ChessBase"]
[SourceDate "2008.06.24"]
[SourceVersion "1"]
[SourceVersionDate "2008.06.24"]
[SourceQuality "1"]

1. d4 d5 2. c4 e6 3. Nc3 c6 4. e4 dxe4 5. Nxe4 Nd7 6. Nf3 Ngf6 7. Bd3 Nxe4 8. Bxe4 Nf6 9. Bc2 c5 10. 0-0 cxd4 11. Qxd4 Qxd4 12. Nxd4 Bd7 13. b3 Bc5 14. Bb2 0-0 15. Rad1 Rfc8 16. Rd2 a6 17. Rfd1 b5 18. Nxb5 axb5 19. Bxf6 gxf6 20. Rxd7 Rxa2 21. R7d2 f5 22. cxb5 Bb4 23. Rd8+ Rxd8 24. Rxd8+ Kg7 25. Bd3 Rd2 26. f3 Kf6 27. Rd7 Bc5+ 28. Kf1 Rf2+ 29. Kg1 Rxf3+ 30. Kh1 Re3 31. g3 Re1+ 32. Kg2 Rd1 33. b4 Rd2+ 34. Kf1 Be3 35. h3 h5 36. Ke1 Rg2 37. Be2 Rg1+ 38. Bf1 Rxg3 39. Rd6 Rg8 40. Ke2 f4 41. Rd7 h4 42. Kf3 Rg1 43. Ke2 Rh1 44. Rc7 Rh2+ 45. Kd3 Rd2+ 46. Ke4 Rd4+ 47. Kf3 Rxb4 48. Bd3 Rd4 49. Be4 Rd8 50. Bc6 Ke5 51. Rxf7 Rg8 52. Rh7 Rg3+ 53. Ke2 Rxh3 54. Rh5+ Kd6 55. Rh6 Bd4 56. Bf3 Kc5 57. Rxe6 Kxb5 58. Rh6 Kc4 1/2-1/2

[Event "IECG WC.2003.S.00012 email"]
[Site "IECG email"]
[Date "2001.04.01"]
[Round "?"]
[White "Silva, Miguel Medina"]
[Black "MacDonald, David G"]
[Result "1/2-1/2"]
[WhiteElo "1871"]
[BlackElo "2112"]
[PlyCount "103"]
[EventDate "2001.04.01"]
[EventType "tourn (corr)"]
[EventRounds "8"]
[SourceTitle "Corr 2008"]
[Source "ChessBase"]
[SourceDate "2008.06.24"]
[SourceVersion "1"]
[SourceVersionDate "2008.06.24"]
[SourceQuality "1"]

1. e4 e6 2. d4 d5 3. exd5 exd5 4. c4 Bb4+ 5. Nc3 Ne7 6. Nf3 Bg4 7. a3 Bxc3+ 8. bxc3 Nbc6 9. Bd3 dxc4 10. Bxc4 0-0 11. 0-0 Nd5 12. Qd3 Qd7 13. Bb5 f6 14. c4 Nb6 15. c5 Nd5 16. Re1 Rad8 17. Nh4 Rfe8 18. Bd2 Nde7 19. h3 Be6 20. Bc3 Nd5 21. Bb2 Kh8 22. Rad1 Re7 23. Qg3 Rde8 24. Re4 Bf7 25. Rxe7 Rxe7 26. Bd3 Bh5 27. Rb1 Nd8 28. Nf5 Re8 29. Ne3 Bf7 30. Nxd5 Bxd5 31. Qf4 Ne6 32. Qf5 Nf8 33. Qxd7 Nxd7 34. f3 g6 35. Kf2 Kg7 36. Bc1 b6 37. cxb6 axb6 38. Bf4 c6 39. Bd6 Kf7 40. a4 Ra8 41. Bc2 Ra7 42. g4 Ke6 43. Bb4 Kf7 44. h4 c5 45. Bc3 Rc7 46. Bd3 Ra7 47. Bb5 Ke6 48. Kg3 Kd6 49. dxc5+ Nxc5 50. Rd1 Ke6 51. Re1+ Kd6 52. Bxf6 1/2-1/2

[Event "IECG CP.2000.P.00012"]
[Site "IECG email"]
[Date "2000.10.01"]
[Round "?"]
[White "MacDonald, David G"]
[Black "Navas, Carlos"]
[Result "1-0"]
[WhiteElo "2132"]
[BlackElo "800"]
[PlyCount "77"]
[EventDate "2000.10.01"]
[EventType "tourn (corr)"]
[EventRounds "6"]
[EventCountry "ESP"]
[SourceTitle "Corr 2008"]
[Source "ChessBase"]
[SourceDate "2008.06.24"]
[SourceVersion "1"]
[SourceVersionDate "2008.06.24"]
[SourceQuality "1"]

1. d4 Nf6 2. c4 g6 3. Nc3 d5 4. cxd5 Nxd5 5. e4 Nxc3 6. bxc3 Bg7 7. Nf3 c5 8. h3 0-0 9. Be2 b6 10. Be3 Bb7 11. Qd3 Nd7 12. 0-0 Rc8 13. d5 f5 14. Ng5 fxe4 15. Qxe4 Nf6 16. Qe6+ Kh8 17. c4 Qe8 18. Rad1 Rd8 19. Ne4 Qa4 20. Qxe7 Rd7 21. Qe6 Re8 22. Qxf6 Bxf6 23. Nxf6 Rxe3 24. fxe3 Rd8 25. e4 Qxa2 26. Rf2 Qb2 27. Bf1 Qc3 28. Rd3 Qxc4 29. e5 Qb4 30. e6 c4 31. Re3 Qe7 32. Bxc4 b5 33. Ba2 b4 34. Ref3 Rf8 35. Ne4 Rxf3 36. Rxf3 Qh4 37. Nf2 Qh6 38. Kh2 Qg7 39. g3 1-0

[Event "IECG C1.2000.0.00279"]
[Site "IECG email"]
[Date "2000.05.05"]
[Round "?"]
[White "Epiney, Flo"]
[Black "MacDonald, David G"]
[Result "1-0"]
[WhiteElo "1711"]
[BlackElo "2164"]
[PlyCount "59"]
[EventDate "2000.05.05"]
[EventType "tourn (corr)"]
[EventRounds "5"]
[SourceTitle "Corr 2008"]
[Source "ChessBase"]
[SourceDate "2008.06.24"]
[SourceVersion "1"]
[SourceVersionDate "2008.06.24"]
[SourceQuality "1"]

1. d4 d5 2. c4 e5 3. dxe5 d4 4. Nf3 Nc6 5. g3 Bg4 6. Bg2 f6 7. exf6 Nxf6 8. 0-0 Qd7 9. Qb3 Bc5 10. Qxb7 Rb8 11. Qa6 Rb6 12. Qa4 Rb4 13. Qd1 Rxc4 14. Nfd2 Rb4 15. Qc2 Rb5 16. Na3 d3 17. Qa4 dxe2 18. Qxb5 Bxf2+ 19. Kxf2 Ne4+ 20. Ke1 exf1Q+ 21. Qxf1 Nxd2 22. Bxc6 Qxc6 23. Kxd2 a6 24. Qc4 Qg2+ 25. Kc3 Qf3+ 26. Qd3 Qc6+ 27. Nc4 0-0 28. Bf4 Re8 29. b3 Be2 30. Qd4 1-0

[Event "IECG WC.2003.P.00008 email"]
[Site "IECG email"]
[Date "2000.??.??"]
[Round "?"]
[White "Crutchley, Dale"]
[Black "MacDonald, David G"]
[Result "1/2-1/2"]
[WhiteElo "1978"]
[BlackElo "2182"]
[PlyCount "38"]
[EventDate "2000.01.26"]
[EventType "tourn (corr)"]
[EventRounds "10"]
[SourceTitle "Corr 2008"]
[Source "ChessBase"]
[SourceDate "2008.06.24"]
[SourceVersion "1"]
[SourceVersionDate "2008.06.24"]
[SourceQuality "1"]

1. e4 e6 2. d3 d5 3. Nd2 Nf6 4. Ngf3 b6 5. g3 dxe4 6. dxe4 Bb7 7. Qe2 Ba6 8. c4 Nc6 9. e5 Nd7 10. Bg2 Nc5 11. 0-0 Bb7 12. Nb3 Qd3 13. Qxd3 Nxd3 14. Nfd4 Nxd4 15. Bxb7 Rb8 16. Nxd4 Rxb7 17. Nc6 Nb4 18. Nxb4 Bxb4 19. Be3 c6 1/2-1/2

[Event "IECG WC.2003.P.00008 email"]
[Site "IECG email"]
[Date "2000.??.??"]
[Round "?"]
[White "MacDonald, David G"]
[Black "Silva, Miguel Medina"]
[Result "1/2-1/2"]
[WhiteElo "2182"]
[BlackElo "1500"]
[PlyCount "54"]
[EventDate "2000.01.26"]
[EventType "tourn (corr)"]
[EventRounds "10"]
[SourceTitle "Corr 2008"]
[Source "ChessBase"]
[SourceDate "2008.06.24"]
[SourceVersion "1"]
[SourceVersionDate "2008.06.24"]
[SourceQuality "1"]

1. e4 c5 2. d4 cxd4 3. c3 dxc3 4. Nxc3 e6 5. Nf3 Nc6 6. Bc4 a6 7. 0-0 Nge7 8. Bg5 f6 9. Be3 b5 10. Bb3 Ng6 11. Nd4 Nxd4 12. Bxd4 Bb7 13. f4 Qc7 14. Rc1 Qd6 15. e5 fxe5 16. fxe5 Nxe5 17. Qh5+ Ng6 18. Rfd1 Qf4 19. Bc2 Qh4 20. Bxg6+ hxg6 21. Qxg6+ Kd8 22. Be5 Bc6 23. Ne2 Qh5 24. Qxe6 Rh6 25. Rxd7+ Bxd7 26. Bc7+ Kc8 27. Bd6+ Kd8 1/2-1/2

[Event "IECG CP.1999.P.00046"]
[Site "IECG email"]
[Date "1999.10.01"]
[Round "?"]
[White "MacDonald, David G"]
[Black "Ortiz, Lee"]
[Result "1-0"]
[WhiteElo "2237"]
[BlackElo "800"]
[PlyCount "79"]
[EventDate "1999.10.01"]
[EventType "tourn (corr)"]
[EventRounds "6"]
[EventCountry "PUR"]
[SourceTitle "Corr 2008"]
[Source "ChessBase"]
[SourceDate "2008.06.24"]
[SourceVersion "1"]
[SourceVersionDate "2008.06.24"]
[SourceQuality "1"]

1. e4 c5 2. Nf3 Nc6 3. d4 cxd4 4. Nxd4 e6 5. Nc3 Nge7 6. Ndb5 d5 7. Bf4 e5 8. exd5 exf4 9. d6 Nf5 10. Nc7+ Kd7 11. Qd5 Nxd6 12. Nxa8 a6 13. 0-0-0 Ke8 14. Ne4 Be6 15. Nxd6+ Bxd6 16. Qxd6 Qxa8 17. Bc4 Bxc4 18. Rhe1+ Be6 19. Rxe6+ fxe6 20. Qxe6+ Kf8 21. Rd5 Ne7 22. Rd4 Qb8 23. g3 fxg3 24. hxg3 b5 25. Rf4+ Qxf4+ 26. gxf4 h5 27. Qxa6 Rh6 28. Qxb5 h4 29. Qb8+ Kf7 30. Qb3+ Kf8 31. Qh3 Rh5 32. c4 Nf5 33. b4 g6 34. a4 Ke7 35. a5 Kd7 36. a6 Rh8 37. Qh1 Nd6 38. c5 Nb5 39. Qd5+ Kc7 40. Qe5+ 1-0

[Event "IECG CM.1999.0.00071"]
[Site "IECG email"]
[Date "1999.??.??"]
[Round "?"]
[White "Polaczek, Richard"]
[Black "MacDonald, David G"]
[Result "1/2-1/2"]
[WhiteElo "2500"]
[BlackElo "2275"]
[PlyCount "89"]
[EventDate "1999.02.26"]
[EventType "tourn (corr)"]
[EventRounds "6"]
[SourceTitle "Corr 2008"]
[Source "ChessBase"]
[SourceDate "2008.06.24"]
[SourceVersion "1"]
[SourceVersionDate "2008.06.24"]
[SourceQuality "1"]

1. d4 d5 2. c4 Nc6 3. cxd5 Qxd5 4. e3 e5 5. Nc3 Bb4 6. Bd2 Bxc3 7. Bxc3 exd4 8. Ne2 Nge7 9. Nxd4 Nxd4 10. Qxd4 Qxd4 11. Bxd4 f6 12. Bc4 b6 13. 0-0-0 Bb7 14. Bc3 Nc6 15. f4 Ke7 16. e4 Rad8 17. b4 Rxd1+ 18. Rxd1 Rd8 19. Rd3 Rxd3 20. Bxd3 a5 21. b5 Nd8 22. Kd2 c5 23. bxc6 Bxc6 24. Ke3 Ne6 25. g3 Nc5 26. Bc2 Ke6 27. g4 g5 28. e5 fxe5 29. Bxe5 Nd7 30. Bd4 h6 31. f5+ Kf7 32. Be4 Ba4 33. Bd5+ Kf8 34. f6 Bc2 35. Be6 Nc5 36. Bxc5+ bxc5 37. Kd2 Ba4 38. Kd3 Bb5+ 39. Ke4 Be2 40. Kd5 c4 41. Kd4 Ke8 42. a3 Kf8 43. h3 c3 44. Kxc3 Bf1 45. Kd4 1/2-1/2

[Event "IECG CP.1998.P.00036"]
[Site "IECG email"]
[Date "1998.??.??"]
[Round "?"]
[White "Berch, Neil"]
[Black "MacDonald, David G"]
[Result "0-1"]
[WhiteElo "1160"]
[BlackElo "2275"]
[PlyCount "40"]
[EventDate "1998.10.01"]
[EventType "tourn (corr)"]
[EventRounds "6"]
[EventCountry "ENG"]
[SourceTitle "Corr 2008"]
[Source "ChessBase"]
[SourceDate "2008.06.24"]
[SourceVersion "1"]
[SourceVersionDate "2008.06.24"]
[SourceQuality "1"]

1. e4 e6 2. d4 d5 3. Nd2 Nf6 4. e5 Nfd7 5. Bd3 c5 6. c3 Nc6 7. Ne2 Qb6 8. Nf3 cxd4 9. cxd4 f6 10. exf6 Nxf6 11. 0-0 Bd6 12. b3 0-0 13. Bf4 Bxf4 14. Nxf4 Ne4 15. Ne2 Nd6 16. Ne5 Nxe5 17. dxe5 Nf5 18. Bc2 Bd7 19. Rc1 Bb5 20. Bd3 Ne3 0-1